000 00496nam a2200157 i 4500
001 83092
003 ES-MaACL
005 20230906174757.0
007 t|
008 041115s1981 sp ||||1| spa d
245 0 0 _aIndice de precios de consumo
_b: datos definitivos, mayo 1981 /
_cInstituto Nacional de Estadística.
260 _a[Madrid :
_bs.n.,
_c1981]
300 _a14 p. ;
_c21 cm.
710 2 _aInstituto Nacional de Estadística (España)
_95162
852 _aES-MaACL
_j2120-F-4
_bR.102267
999 _c83092
_d83092